000 00823nam a22001697a 4500
999 _c63399
_d63399
003 Ge_BSU
005 20250930151640.0
008 250930s1973 ge ||||| |||| 00| 0 geo d
041 _ageo
080 _a631.115.71(479.22) ც-73
100 _aცისკარიშვილი, დიმიტრი
_925905
245 _aსაბჭოთამეურნეობრივი წარმოების სპეციალიზაციის საკითხები /
_cდიმიტრი ცისკარიშვილი.
264 _aთბილისი :
_bსაბჭ. საქართველო,
_c1973.
300 _a200 გვ. ;
_b 20 სმ.
653 _a საბჭოთა მეურნეობები საქართველოში
942 _2udc
_cᲬᲘᲒᲜᲘ